000 00579nam a22002297a 4500
003 UA-OsUOA
001 48046
007 ta
008 20070827b un ||||| |||| 00| 0 ukr d
100 _aКирилюк Є.
090 _a82.09
_bК43
942 _cBK
040 _aUA-OsUOA
_bukr
_cUA-OsUOA
_dUA-OsUOA
245 _aЛітература народної правди
300 _a347 с.
955 _a2
041 _aukr
080 _a82.09
260 _aК.
_c1989
650 7 _a82 Література. Літературознавство
_2UDC
999 _c334146
_d334146